000 00283nam a22001217a 4500
008 170620b xxu||||| |||| 00| 0 eng d
041 _aeng
080 _a338
100 _a20
101 _aSHP
245 _aECONOMIC FOUNDATIONS OF POLITICAL POWER
_cBARTLETT.R
942 _2udc
_cBK
999 _c18357
_d18357